Регионална библиотека "Любен Каравелов" - Русе

Народ победить нельзя! (Запис номер 389258)

MARC детайли
000 -Лидер
Контролно поле с фиксирана дължина nkm a22 a 4500
003 - Код на организацията, давaща контролен номер
Контролно поле BLK
005 - Дата и час на последна редакция
Контролно поле 20200929143911.0
008 - Елементи от данни с фиксирана дължина
fixed length control field 200720b bu ||||| |||| 00| 0 bu d
040 ## - Източник на каталожния запис
Идентификатор на билиотеката - собственик на записа BLK
041 ## - Код за език
Код за езика на текст/звукозапис или на отделно заглавие Руски
Код за езика КДБФ Руски
080 ## - УДК
Текстов определител УДК Империализъм. Империалистическа политика. Вж и 325.3
УДК код - определител по УДК 327.2
УДК - код + определител 327.2(47+57)(084)
139 ## - Редно поле
Редна дума Народ победить нельзя!
245 ## - Сведения за заглавието
Заглавие Народ победить нельзя!
Подзаглавни данни Фотоальбом
Редно поле (дума) Авт.-состав. В. Ф. Жарова; оформление С. Б. Шехова
257 ## - Страна на издаване
Страна на създаване/издаване СССР
260 ## - Област на издателските данни
9 (RLIN) 216267
Място на издаване, разпространение и проч. Москва
Име на издателя, разпространителя и проч. Планета
Година на издаване 1983
Издателство - префикс ISBN 954-9926-
300 ## - Физическа характеристика
Страници 48 с.
Размери/Мащаб 24 см
Илюстрации и др. фотогр.
380 ## - Жанр
Жанр Изкуство
500 ## - Общи забележки
Забележка Имената на авт. са отбелязани в библиогр. каре. - 6 000 тир. - В альбоме использованы фотоматериалы ТАСС
650 #0 - Допълнително описание по предмет – тема
9 (RLIN) 294707
Основно описание – тема или топоним Империализъм, руски
651 #7 - Допълнително описание по предмет - топоним
9 (RLIN) 179592
Географско понятие СССР
653 #0 - Ключова дума – ненормативна
9 (RLIN) 401783
Ключова дума снимкови албуми
700 ## - Други автори (авторска отговорност)
9 (RLIN) 409
Лично име Квятковская, Нэлли Константиновна
Автороска отговорност (Описва отношението между автора и произведението) авт.-состав.
700 ## - Други автори (авторска отговорност)
9 (RLIN) 755
Лично име Алексеевой, Ю. Ф.
Автороска отговорност (Описва отношението между автора и произведението) оформление
700 ## - Други автори (авторска отговорност)
9 (RLIN) 434643
Лично име Стейнерта, Э. И.
Автороска отговорност (Описва отношението между автора и произведението) фотогр.
852 ## - Местоположение
Форматна сигнатура Цб 301826
Фондова буква Хранилище
999 ## - СИСТЕМНИ КОНТРОЛНИ НОМЕРА
Koha biblionumber 389258
Koha biblioitemnumber 389258
942 ## - АРТИКУЛИ
Вид на библиотечния материал Книги
Скрит в OPAC Не
Периодичен библиозапис Да
944 ## - СЪЗДАВАНЕ И РЕДАКЦИЯ на ЗАПИСА
Създаване/Редакция Създаване
Дата на регистрацията/редакция 2020-09-29
Служител, извършил регистрацията/редакцията С.Т.
999 ## - СИСТЕМНИ КОНТРОЛНИ НОМЕРА
Koha biblioitemnumber 389240
999 ## - СИСТЕМНИ КОНТРОЛНИ НОМЕРА
Koha biblioitemnumber 389206
999 ## - СИСТЕМНИ КОНТРОЛНИ НОМЕРА
Koha biblioitemnumber 389201
999 ## - СИСТЕМНИ КОНТРОЛНИ НОМЕРА
Koha biblioitemnumber 389196
Наличности
Код за отписване Код за изгубен артикул Източник на класификационната схема Код за повреда Коз за рестрикции Код за отдаване Артикулен № Име на библиотеката - собственик Име на библиотеката, в която се намира в момента Статус (Текущо местоположение) Дата на вписване в системата Местоположение - отдел Цена в лева Инвентарен номер Систематично азбучна сигнатура Баркод Цена в евро Служебен тип на артикула
  Не е изгубен Universal Decimal Classification Не е повреден само за читалня ползва се в читалня 801780 Регионална библиотека "Любен Каравелов" Русе Регионална библиотека "Любен Каравелов" Русе Хранилище 2020-09-30 Основен фонд - ползва се само за читалня 0.36 373841 Цб 301826 120000373841 0.18 Книги
Vip Innovations Ltd, Rousse, Bulgaria 2025